The Influence of Endogenous Innovative Sources on the Development of Exports of Industrial Enterprises

Hĺbková analýza podstaty rozvoja ekonomického systému, ktorá umožňuje pochopiť rozdiel medzi kategóriami sociálneho a ľudského kapitálu. Zloženie štruktúry sociálneho kapitálu pomocou metódy analýzy hierarchií na príklade JSC a hodnotenia vplyvu prvkov sociálneho kapitálu v kontexte exportných aktiv...

Descripción completa

Guardado en:
Detalles Bibliográficos
Autor principal: Dunska, Alla
Otros Autores: Zhaldak, Hanna
Formato: Capítulo de libro
Lenguaje:inglés
Materias:
Etiquetas: Agregar Etiqueta
Sin Etiquetas, Sea el primero en etiquetar este registro!

MARC

LEADER 00000naa a2200000 4500
001 0280488
005 20211227104150.4
041 0 |a eng 
044 |a UA 
245 1 0 |a The Influence of Endogenous Innovative Sources on the Development of Exports of Industrial Enterprises  |c Alla Dunska, Hanna Zhaldak 
520 |a Hĺbková analýza podstaty rozvoja ekonomického systému, ktorá umožňuje pochopiť rozdiel medzi kategóriami sociálneho a ľudského kapitálu. Zloženie štruktúry sociálneho kapitálu pomocou metódy analýzy hierarchií na príklade JSC a hodnotenia vplyvu prvkov sociálneho kapitálu v kontexte exportných aktivít podniku. 
610 2 0 |a inovácia 
610 2 0 |a vývoz 
610 2 0 |a kapitál sociálny 
610 2 0 |a podnik priemyselný 
100 1 |a Dunska, Alla 
700 1 |a Zhaldak, Hanna